Consultas, apologias, alegatos, questiones, y varios tratados morales y confutación de las mas, y mas principales proporciones del impío heresiarca Molinos (Registro nro. 78691)

Detalles MARC
000 -ENCABEZADO
Número de control [NR] 01751nam a2200313Ia 4500
008 - DE LONGITUD FIJA DE DATOS DE ELEMENTOS - INFORMACIÓN GENERAL
Elementos de longitud fija [NR] 130821s1753 sp a gr spa
040 ## - FUENTE DE CATALOGACION [NR]
Agencia de catalogación original [NR] Co-BoUCM
Idioma de catalogación [NR] spa
041 0# - CODIGO DE IDIOMA [R]
Código de idioma para texto/pista de sonido o título separado [R] Español
-- Latín
092 ## - SIGNATURA TOPOGRAFICA LOCAL
Número de clasificación local E16N037
100 1# - ASIENTO PRINCIPAL--NOMBRE PERSONAL [NR]
Nombre personal [NR] Torrecilla, Martín de
Fechas asociadas con el nombre [NR] d.1709
245 10 - MENCION DE TITULO [NR]
Título [NR] Consultas, apologias, alegatos, questiones, y varios tratados morales y confutación de las mas, y mas principales proporciones del impío heresiarca Molinos
Parte restante del título [NR] Tomo segundo
Mención de responsabilidad, etc. [NR] su autor el R. P. Fr. Martín de Torrecilla
250 ## - MENCION DE EDICION [NR]
Mención de edición [NR] 3a imp.
260 ## - PUBLICACION, DISTRIBUCION, ETC. (PIE DE IMPRENTA) [R]
Lugar de publicación, distribución, etc. [R] Madrid (España)
Nombre del editor, distribuidor, etc. [R] Imprenta de Musica
Fecha de publicación, distribución, etc. [R] 1753
300 ## - DESCRIPCION FISICA [R]
Extensión [R] [8], 619 páginas
Otros detalles físicos [NR] ilustraciones
500 ## - NOTA GENERAL [R]
Nota general [NR] Detalles físicos: Encuadernación en pergamino con algunas roturas en bordes, conserva guardas y portada impresa a una sola tinta, con elementos tipográficos que se repiten para formar un marco y un pequeño grabado (león). Texto impreso en una y
504 ## - NOTA DE BIBLIOGRAFIA, ETC. [R]
Nota de bibliografía, etc. [NR]
505 0# - NOTA DE CONTENIDO CON FORMATO PREESTABLECIDO [R]
Nota de contenido con formato preestablecido [NR] V.2: Tratado primero que contienen dos apologías en defensa del Santo Tribunal de la inquisición; y otra respuesta apologética al mismo. ; Tratado II que contiene algunas consultas, pertenecientes a los Señores Obispos, y a los derechos Parroqui
506 ## - NOTA DE RESTRICCIONES DE ACCESO [R]
Condiciones de acceso [NR] Consulta en sala.
546 ## - NOTA DE IDIOMA [R]
Nota de idioma [NR] Texto en español, con expresiones en latín.
650 ## - ASIENTO SECUNDARIO DE MATERIA - TERMINO TEMATICO [R]
9 (RLIN) 17138
Término temático o nombre geográfico como elemento de entrada [NR] Iglesia y Estado
Subdivisión cronológica [R] Siglo XVIII
650 ## - ASIENTO SECUNDARIO DE MATERIA - TERMINO TEMATICO [R]
Término temático o nombre geográfico como elemento de entrada [NR] Derecho canónico
9 (RLIN) 12710
650 ## - ASIENTO SECUNDARIO DE MATERIA - TERMINO TEMATICO [R]
Término temático o nombre geográfico como elemento de entrada [NR] Derecho civil
Subdivisión general [R] Obras anteriores a 1800
9 (RLIN) 12711
650 ## - ASIENTO SECUNDARIO DE MATERIA - TERMINO TEMATICO [R]
Término temático o nombre geográfico como elemento de entrada [NR] Derecho eclesiástico
Subdivisión general [R] Obras anteriores a 1800
9 (RLIN) 12757
650 ## - ASIENTO SECUNDARIO DE MATERIA - TERMINO TEMATICO [R]
Término temático o nombre geográfico como elemento de entrada [NR] Monasticismo
Subdivisión general [R] Obras anteriores a 1800
9 (RLIN) 19707
650 ## - ASIENTO SECUNDARIO DE MATERIA - TERMINO TEMATICO [R]
Término temático o nombre geográfico como elemento de entrada [NR] Religión y derecho
9 (RLIN) 23507
650 ## - ASIENTO SECUNDARIO DE MATERIA - TERMINO TEMATICO [R]
Término temático o nombre geográfico como elemento de entrada [NR] Vida cristiana
Subdivisión general [R] Derecho
-- Obras anteriores a 1800
9 (RLIN) 26223
942 ## - ELEMENTOS DE ENTRADA AGREGADOS (KOHA)
Tipo de ítem principal el descrito en 300a Libro
Tema principal Derecho
Edición 3
Sistema de clasificación DEWEY
Clasificación 261.7
Existencias
Total préstamos Código de barras Última vez visto Volúmen / Fascículo Ejemplar Price effective from Tipo de ítem Perdido Sistema de clasificación Dañado No prestable Tipo de ítem específico Suprimido Ubicación habitual Ubicación actual Localización Fecha de creación Forma de adquisición Costo
  L002493 15/12/2012 E16N037 V.1 Ej.1 03/02/2013 Libro   DEWEY     Libro archivo     Archivo Histórico Archivo histórico 28/02/2014 Donación 0.00